Efektivní komunikace manual pro lepší komunikaci ve firmách

Uložené v:
Podrobná bibliografia
Hlavný autor: Jílek, Dušan
Médium: Kniha
Jazyk:Czech
Vydavateľské údaje: Praha powerprint 2024
Vydanie:1. vydání
Predmet:
Tagy: Pridať tag
Žiadne tagy, Buďte prvý, kto otaguje tento záznam!

MARC

LEADER 00000nam a2200000 4500
001 0308434
005 20250611083453.5
020 |a 978-80-7568-723-4 
041 0 |a cze 
044 |a CZ 
245 1 0 |a Efektivní komunikace  |b manual pro lepší komunikaci ve firmách  |c Dušan Jílek 
250 |a 1. vydání 
264 1 |a Praha  |b powerprint  |c 2024 
300 |a 115 s. 
610 2 0 |a komunikácia firemná 
610 2 0 |a komunikácia interná 
610 2 0 |a bariéry komunikačné 
610 2 0 |a asertivita 
610 2 0 |a diskusia 
610 2 0 |a konflikty 
100 1 |a Jílek, Dušan